[Event "49th Bosna it"]
[Site "Sarajevo BIH"]
[Date "2019.04.28"]
[Round "3.28"]
[White "Haskovic, Salih"]
[Black "Jerkovic, Maroje"]
[Result "0-1"]
[WhiteElo "1790"]
[BlackElo "2145"]
[EventDate "2019.04.27"]
[PlyCount "84"]

1.d4 f5 2.c4 Nf6 3.Nc3 g6 4.Nf3 Bg7 5.g3 O-O 6.Bg2 d6 7.O-O Nc6 8.Bg5 Ne4 
9.Bc1 Nxc3 10.bxc3 e5 11.d5 Na5 12.Qa4 b6 13.e3 Qe8 14.Qb4 h6 15.Re1 g5 
16.Bf1 Bd7 17.Bd2 Bf6 18.Rec1 h5 19.Bg2 g4 20.Ne1 h4 21.Nd3 Nb7 22.Qb2 Kg7
23.Re1 Qh5 24.Kf1 hxg3 25.hxg3 Qh2 26.Red1 Rae8 27.Ne1 Na5 28.Qb4 Bg5 29.
Nd3 Nb7 30.Qb2 a6 31.Rab1 Rf7 32.Rbc1 Na5 33.Qb4 Nxc4 34.a4 b5 35.Rb1 f4 
36.gxf4 a5 37.Qb3 exf4 38.Nxf4 Bxf4 39.exf4 Bf5 40.Bc1 Rfe7 41.Be3 Rxe3 
42.Qxb5 Re1+ 0-1

[Event "49th Bosna it"]
[Site "Sarajevo BIH"]
[Date "2019.04.28"]
[Round "3.29"]
[White "Nukic, Farik"]
[Black "Peric, Bernard"]
[Result "1/2-1/2"]
[WhiteElo "1731"]
[BlackElo "2128"]
[EventDate "2019.04.27"]
[PlyCount "110"]

1.d4 Nf6 2.Bf4 g6 3.Nc3 Bg7 4.e4 d6 5.Qd2 c6 6.O-O-O b5 7.f3 Qa5 8.Kb1 b4 
9.Nce2 Be6 10.Nc1 Qb6 11.Be3 Qb7 12.Nge2 a5 13.Nf4 Na6 14.Bxa6 Rxa6 15.
Nxe6 fxe6 16.Bh6 Bf8 17.Nd3 Nd7 18.h4 Qb5 19.h5 Nb6 20.b3 Kd7 21.Bxf8 Rxf8
22.hxg6 hxg6 23.Rh4 a4 24.Qxb4 axb3 25.cxb3 Qg5 26.Rg4 Qe3 27.Nb2 Rfa8 28.
a4 Kc7 29.Rc1 Nxa4 30.bxa4 Rxa4 31.Nxa4 Rb8 32.Qxb8+ Kxb8 33.Rd1 g5 34.Nb2
Kc7 35.Kc2 Qe2+ 36.Rd2 Qb5 37.Rd3 Kd7 38.Rc3 Qe2+ 39.Kb3 Qd2 40.Rd3 Qc1 
41.Rg3 Qf4 42.Rg4 Qc1 43.Ka2 Kc7 44.Ra3 Kb7 45.Rg3 Qf4 46.Rh3 e5 47.Rb3+ 
Kc7 48.Rh7 Qf6 49.dxe5 Qxe5 50.Nc4 Qd4 51.Nb6 Qd2+ 52.Ka3 Qc1+ 53.Ka2 Qd2+
54.Ka3 Qc1+ 55.Ka2 Qd2+ 1/2-1/2

[Event "49th Bosna it"]
[Site "Sarajevo BIH"]
[Date "2019.04.28"]
[Round "3.31"]
[White "Terzic, Ilijas"]
[Black "Hamzic, Adil"]
[Result "1-0"]
[WhiteElo "2104"]
[BlackElo "1708"]
[EventDate "2019.04.27"]
[PlyCount "74"]

1.d4 d5 2.Nf3 Nf6 3.c4 c6 4.Nc3 e6 5.e3 Bb4 6.Bd3 O-O 7.O-O dxc4 8.Bxc4 b6
9.Qe2 Nd5 10.Bd2 b5 11.Bd3 Be7 12.Rac1 Bb7 13.e4 Nxc3 14.Bxc3 b4 15.Bd2 a5
16.Rfd1 Re8 17.Be3 g6 18.Ne5 Bf6 19.Qf3 Bxe5 20.dxe5 Nd7 21.Qg3 Qe7 22.Bg5
Qf8 23.Be2 Nb6 24.Qe3 Ba6 25.Bxa6 Rxa6 26.Qe2 Ra7 27.Be3 Rb7 28.Rxc6 Nd7 
29.f4 b3 30.a3 Nb8 31.Rcd6 Rc7 32.Qb5 Rec8 33.Qxb3 Kg7 34.f5 exf5 35.exf5 
Rc6 36.Bg5 h6 37.Bf6+ Kh7 1-0

[Event "49th Bosna it"]
[Site "Sarajevo BIH"]
[Date "2019.04.28"]
[Round "3.32"]
[White "Kanyamarala, Tarun"]
[Black "Jurisic, Iskra"]
[Result "1-0"]
[WhiteElo "2070"]
[BlackElo "1748"]
[EventDate "2019.04.27"]
[PlyCount "53"]

1.d4 Nf6 2.c4 g6 3.Nc3 Bg7 4.e4 d6 5.Nf3 O-O 6.h3 e5 7.d5 Nbd7 8.Be3 Re8 
9.Be2 Nc5 10.Nd2 c6 11.b4 cxd5 12.cxd5 Ncd7 13.O-O a6 14.Nc4 Qc7 15.Qb3 b5
16.Na5 Bb7 17.Rfc1 Qb8 18.a4 bxa4 19.Qxa4 Bc8 20.Nc6 Qc7 21.Nb5 axb5 22.
Qxa8 Qb7 23.Ne7+ Rxe7 24.Rxc8+ Nf8 25.Qxb7 Rxb7 26.f3 h6 27.Ra5 1-0

[Event "49th Bosna it"]
[Site "Sarajevo BIH"]
[Date "2019.04.28"]
[Round "3.34"]
[White "Pleh, Semir"]
[Black "Pestek, Elvis"]
[Result "1/2-1/2"]
[WhiteElo "1829"]
[BlackElo "1995"]
[EventDate "2019.04.27"]
[PlyCount "57"]

1.c4 e5 2.g3 d6 3.Bg2 f5 4.Nc3 Nf6 5.e3 c6 6.Nge2 Be6 7.b3 Be7 8.d4 Qc7 9.
Bb2 O-O 10.Rc1 Bf7 11.O-O Nbd7 12.e4 Bg6 13.exf5 Bxf5 14.dxe5 Nxe5 15.Nd4 
Bd7 16.Ne4 Rad8 17.Ng5 Qc8 18.Qe2 h6 19.Ne4 Bh3 20.f4 Bxg2 21.Kxg2 Nf7 22.
f5 Nxe4 23.Qxe4 Bf6 24.Rc2 Ng5 25.Qg4 c5 26.Ne2 Qc6+ 27.Kg1 Bxb2 28.Rxb2 
Rde8 29.h4 1/2-1/2

[Event "49th Bosna it"]
[Site "Sarajevo BIH"]
[Date "2019.04.28"]
[Round "3.35"]
[White "Bavcic, Fuad"]
[Black "Medic, Nevenko"]
[Result "0-1"]
[WhiteElo "1681"]
[BlackElo "1983"]
[EventDate "2019.04.27"]
[PlyCount "118"]

1.d4 d5 2.Bf4 Nf6 3.h3 e6 4.Nf3 c5 5.e3 Nc6 6.c3 Bd6 7.Bxd6 Qxd6 8.Bd3 O-O
9.O-O e5 10.dxe5 Nxe5 11.Be2 Bf5 12.Nbd2 Rad8 13.Nxe5 Qxe5 14.Nf3 Qc7 15.
Nh2 a6 16.Bg4 Bg6 17.Qe2 Rfe8 18.Rfc1 c4 19.Qd1 Ne4 20.Nf1 Nc5 21.Be2 Bd3 
22.Ng3 f5 23.Bxd3 Nxd3 24.Rc2 f4 25.Nf1 Qe5 26.Rd2 fxe3 27.Nxe3 Nxf2 28.
Rxf2 Qxe3 29.Qd2 Qc5 30.Rd1 Rf8 31.Qd4 Qxd4 32.Rxd4 Rxf2 33.Kxf2 Kf7 34.h4
Ke6 35.g4 Ke5 36.h5 Rf8+ 37.Ke3 Rf1 38.Rd2 b5 39.a3 Re1+ 40.Kf3 h6 41.Kf2 
Re4 42.Kf3 a5 43.Rd1 Rf4+ 44.Kg3 Rf7 45.Re1+ Kd6 46.Re2 b4 47.axb4 axb4 
48.Rd2 bxc3 49.bxc3 Kc5 50.Re2 Rd7 51.Kf4 Rf7+ 52.Kg3 Rd7 53.Re3 Rf7 54.
Re1 Kb5 55.Rb1+ Ka4 56.Rb4+ Ka3 57.Rb5 Rd7 58.Rb4 d4 59.Rxc4 d3 0-1

[Event "49th Bosna it"]
[Site "Sarajevo BIH"]
[Date "2019.04.28"]
[Round "3.36"]
[White "Manic, Mujo"]
[Black "Bunjo, Adnan"]
[Result "1-0"]
[WhiteElo "1754"]
[BlackElo "1974"]
[EventDate "2019.04.27"]
[PlyCount "136"]

1.d4 c6 2.c4 d5 3.e3 f5 4.f4 Nf6 5.Nf3 e6 6.Nc3 Bd6 7.cxd5 exd5 8.Bd3 O-O 
9.Qc2 Ne4 10.Bd2 b5 11.O-O a5 12.Rac1 a4 13.a3 Kh8 14.Na2 Rg8 15.Bb4 Bb7 
16.Bxd6 Qxd6 17.Ne5 Qe6 18.Nb4 Re8 19.g4 g6 20.g5 Nd6 21.Rf3 Nc4 22.Rh3 
Nxe5 23.dxe5 c5 24.Na2 c4 25.Be2 Nc6 26.Rd1 Rad8 27.Qc3 Rd7 28.Bf3 Na5 29.
Nb4 Nb3 30.Nc2 d4 31.exd4 Bxf3 32.Rxf3 Red8 33.Kg2 Rd5 34.Qb4 Kg7 35.h4 
R8d7 36.Qc3 Kf7 37.h5 Qb6 38.hxg6+ hxg6 39.e6+ Qxe6 40.Re1 Qd6 41.Qe3 Re7 
42.Qxe7+ Qxe7 43.Rxe7+ Kxe7 44.Nb4 Rd7 45.Re3+ Kd6 46.d5 Nc5 47.Rh3 Ne4 
48.Rh6 Rg7 49.Rh3 Kc5 50.Kf1 Kd4 51.Ke1 Re7 52.Nc6+ Kxd5 53.Nxe7+ Kd4 54.
Nxg6 c3 55.bxc3+ Nxc3 56.Rxc3 Kxc3 57.Ne5 b4 58.g6 bxa3 59.g7 a2 60.g8=Q 
a1=Q+ 61.Kf2 Qb2+ 62.Kf3 Qb3 63.Qd8 a3 64.Qd3+ Kb2 65.Nc4+ Ka2 66.Qxb3+ 
Kxb3 67.Nxa3 Kxa3 68.Ke3 Kb4 1-0

[Event "49th Bosna it"]
[Site "Sarajevo BIH"]
[Date "2019.04.28"]
[Round "3.37"]
[White "Kajevic, Dzevad"]
[Black "Sajin, Mladen"]
[Result "0-1"]
[WhiteElo "1925"]
[BlackElo "1790"]
[EventDate "2019.04.27"]
[PlyCount "70"]

1.d4 Nf6 2.c4 e6 3.Nf3 Bb4+ 4.Bd2 c5 5.Bxb4 cxb4 6.Nbd2 d5 7.Ne5 O-O 8.e3 
Nfd7 9.f4 Nxe5 10.dxe5 b6 11.Qh5 Bb7 12.Nf3 h6 13.Rd1 Qe7 14.Be2 Qc5 15.
cxd5 Bxd5 16.Nd4 Nc6 17.O-O Nxd4 18.exd4 Qc2 19.Bf3 Bxf3 20.Qxf3 Qxb2 21.
Rf2 Qc3 22.Qe4 Rac8 23.f5 Qc6 24.Qg4 Qd5 25.f6 g6 26.Rf3 Rc3 27.Rdf1 Rxf3 
28.Rxf3 Rd8 29.Rd3 Qc4 30.Qd1 Qxa2 31.h4 Rc8 32.d5 Rc2 33.Rg3 Rd2 34.Qc1 
Qxd5 35.Qc7 Qc5+ 0-1

[Event "49th Bosna it"]
[Site "Sarajevo BIH"]
[Date "2019.04.28"]
[Round "3.38"]
[White "Korjenic, Esef"]
[Black "Rakita, Jandrija"]
[Result "1-0"]
[WhiteElo "1922"]
[BlackElo "1689"]
[EventDate "2019.04.27"]
[PlyCount "34"]

1.e4 e5 2.Nf3 d6 3.Be2 h6 4.O-O Nf6 5.Nc3 Be7 6.d4 exd4 7.Nxd4 c5 8.Bb5+ 
Bd7 9.Bxd7+ Qxd7 10.Nf5 O-O 11.Bf4 Nxe4 12.Nxe7+ Qxe7 13.Qe2 Re8 14.Rfe1 
Qf6 15.Nxe4 Qxf4 16.Nf6+ Qxf6 17.Qxe8+ Kh7 1-0

[Event "49th Bosna it"]
[Site "Sarajevo BIH"]
[Date "2019.04.28"]
[Round "3.39"]
[White "Fejzic, Danis"]
[Black "Stanivukovic, Drago"]
[Result "1-0"]
[WhiteElo "1539"]
[BlackElo "1848"]
[EventDate "2019.04.27"]
[PlyCount "131"]

1.e4 c5 2.Nf3 d6 3.d4 cxd4 4.Nxd4 e5 5.Nf3 Nf6 6.Nc3 Bg4 7.Be2 Be7 8.O-O 
O-O 9.Be3 Nbd7 10.Qd2 Rc8 11.h3 Bh5 12.Bg5 h6 13.Be3 a6 14.a4 Nc5 15.Bxc5 
Rxc5 16.Nh4 Bxe2 17.Qxe2 Qb6 18.Nf5 Re8 19.Rab1 Bf8 20.Rfd1 Rec8 21.Kh2 
Qc6 22.f3 b5 23.axb5 axb5 24.Ne3 b4 25.Ncd5 Nxd5 26.Rxd5 Rxd5 27.Nxd5 Qc5 
28.c3 b3 29.Ra1 f5 30.Ra3 Rb8 31.Nb4 fxe4 32.Na6 Qxa3 33.bxa3 b2 34.Qc4+ 
Kh8 35.Nxb8 b1=Q 36.Qc8 e3 37.Qxf8+ Kh7 38.Nd7 e2 39.Nf6+ Kg6 40.h4 Qh1+ 
41.Kxh1 e1=Q+ 42.Kh2 Qxh4+ 43.Kg1 Qxf6 44.Qxf6+ Kxf6 45.a4 Ke6 46.a5 Kd7 
47.Kf2 d5 48.Ke3 Kc6 49.Kd3 Kb5 50.c4+ dxc4+ 51.Kc3 Kxa5 52.Kxc4 Kb6 53.
Kd5 Kc7 54.Kxe5 Kd7 55.Kf5 Ke7 56.Kg6 Kf8 57.g4 Kg8 58.f4 Kf8 59.f5 Kg8 
60.f6 gxf6 61.Kxf6 Kh7 62.Kf7 Kh8 63.Kg6 Kg8 64.Kxh6 Kh8 65.g5 Kg8 66.Kg6 
1-0

[Event "49th Bosna it"]
[Site "Sarajevo BIH"]
[Date "2019.04.28"]
[Round "3.40"]
[White "Gazija, Tarik"]
[Black "Lapo, Safet"]
[Result "1-0"]
[WhiteElo "1494"]
[BlackElo "1770"]
[EventDate "2019.04.27"]
[PlyCount "103"]

1.e4 d5 2.exd5 Qxd5 3.Nc3 Qd8 4.Nf3 Nf6 5.Bc4 Bf5 6.d3 e6 7.h3 c6 8.a3 Qc7
9.Be3 Bd6 10.Qd2 Nbd7 11.O-O-O h6 12.Kb1 b5 13.Ba2 b4 14.axb4 Bxb4 15.g4 
Bg6 16.Nd4 O-O 17.Nde2 Nd5 18.Nxd5 Bxd2 19.Nxc7 Bxe3 20.Nxa8 Bxf2 21.Nc7 
Rb8 22.Rhf1 Bh4 23.d4 Rb6 24.Nxe6 Nf6 25.N6f4 Be4 26.Nc3 Bh7 27.d5 cxd5 
28.Nfxd5 Rb8 29.Nxf6+ Bxf6 30.Rf3 Bg6 31.Rd7 Re8 32.Rf1 Rb8 33.Kc1 a5 34.
Ra7 Rc8 35.Rf3 Rc5 36.Bb3 Re5 37.Rf1 Rc5 38.Re1 Bxc3 39.bxc3 Rxc3 40.Rxa5 
Rxh3 41.Ra8+ Kh7 42.Ree8 Bxc2 43.Bxc2+ g6 44.Ra7 Rf3 45.Bb3 Kg7 46.Ree7 
Rxb3 47.Rxf7+ Kg8 48.Rfc7 Rf3 49.Rc8+ Rf8 50.Rxf8+ Kxf8 51.Kd2 Kg8 52.Ke3 
1-0

[Event "49th Bosna it"]
[Site "Sarajevo BIH"]
[Date "2019.04.28"]
[Round "3.41"]
[White "Mujicic, Benjamin"]
[Black "Strinic, Hamdija"]
[Result "0-1"]
[WhiteElo "1488"]
[BlackElo "1751"]
[EventDate "2019.04.27"]
[PlyCount "103"]

1.Nf3 f5 2.d4 Nf6 3.c4 c6 4.Nc3 e6 5.Bf4 d5 6.e3 Be7 7.h3 O-O 8.Be2 Ne4 9.
cxd5 exd5 10.O-O g5 11.Be5 Nd7 12.Bh2 Ndf6 13.Ne5 Qe8 14.f3 Nd6 15.Qd2 Be6
16.Bd3 Qh5 17.Be2 Qh6 18.Nd1 Rae8 19.Nf2 Nf7 20.Kh1 Nxe5 21.Bxe5 Nd7 22.
Nd3 Nxe5 23.Nxe5 f4 24.Ng4 Qg7 25.Rg1 Kh8 26.Rae1 h5 27.Nf2 Bd6 28.e4 Qe7 
29.e5 Bb4 30.Qc2 Bxe1 31.Rxe1 Bf5 32.Qd2 c5 33.Bb5 Rc8 34.Ba4 cxd4 35.Bb3 
Qc5 36.a3 d3 37.e6 Rce8 38.Re5 Re7 39.Rxd5 Qe3 40.Qc3+ Kh7 41.Qb4 Qxe6 42.
Nxd3 Bxd3 43.Rxd3 Qe1+ 44.Qxe1 Rxe1+ 45.Kh2 Rc8 46.Rd2 Rcc1 47.g3 Rh1+ 48.
Kg2 Rcg1+ 49.Kf2 fxg3+ 50.Ke3 Re1+ 51.Re2 Rxe2+ 52.Kxe2 0-1

[Event "49th Bosna it"]
[Site "Sarajevo BIH"]
[Date "2019.04.28"]
[Round "3.42"]
[White "Mrkovic, Nikola"]
[Black "Radulov, Nevena"]
[Result "1/2-1/2"]
[WhiteElo "1448"]
[BlackElo "1704"]
[EventDate "2019.04.27"]
[PlyCount "118"]

1.e4 c5 2.Nf3 d6 3.d4 cxd4 4.Nxd4 Nf6 5.Nc3 a6 6.Be2 e5 7.Nb3 Be6 8.O-O b5
9.a3 Be7 10.Be3 Nbd7 11.f3 Nb6 12.Na5 Qc7 13.Qe1 Nc4 14.Nxc4 Bxc4 15.Bxc4 
Qxc4 16.Qe2 Qxe2 17.Nxe2 d5 18.exd5 Nxd5 19.Bf2 Rc8 20.c3 O-O 21.Rad1 Rfd8
22.Rd3 f5 23.Rfd1 Nf6 24.Nc1 Rxd3 25.Rxd3 e4 26.fxe4 Nxe4 27.Be3 g5 28.g3 
Kf7 29.Ne2 h6 30.Nd4 Kf6 31.Nb3 Rg8 32.Kf1 h5 33.Ke2 h4 34.Kf3 hxg3 35.
hxg3 g4+ 36.Kg2 Re8 37.Bf4 Bd8 38.Nd2 Bb6 39.Nxe4+ Rxe4 40.Rd6+ Re6 41.
Rxe6+ Kxe6 42.Kf1 Kd5 43.Ke2 Ke4 44.b3 Bd8 45.a4 Bf6 46.axb5 axb5 47.Kd2 
Bg7 48.Kc2 Bf6 49.c4 bxc4 50.bxc4 Kd4 51.Kb3 Kc5 52.Bb8 Kc6 53.Kb4 Be7+ 
54.Kc3 Bc5 55.Kd3 Bb6 56.Be5 Bf2 57.Bf4 Bc5 58.Be5 Bf2 59.Bf4 Bc5 1/2-1/2

[Event "49th Bosna it"]
[Site "Sarajevo BIH"]
[Date "2019.04.28"]
[Round "3.43"]
[White "Odzak, Tarik"]
[Black "Hasanovic, Jakub"]
[Result "0-1"]
[WhiteElo "1354"]
[BlackElo "1682"]
[EventDate "2019.04.27"]
[PlyCount "93"]

1.Nf3 d5 2.d4 Nf6 3.Bf4 Bf5 4.e3 e6 5.Bd3 Ne4 6.O-O Be7 7.Nbd2 O-O 8.Bxe4 
dxe4 9.Ne1 g5 10.Be5 Bg6 11.h3 Nd7 12.Bh2 f5 13.f4 h6 14.c3 Qe8 15.Nc2 Rc8
16.Nc4 b5 17.Ne5 Nxe5 18.dxe5 Rd8 19.Qe2 Rd3 20.Rad1 Qd7 21.Nb4 Bxb4 22.
cxb4 Rd8 23.Rxd3 Qxd3 24.Re1 a6 25.Kf2 Rd5 26.Qxd3 exd3 27.Rd1 d2 28.g4 
fxg4 29.Ke2 Bh5 30.Kf1 g3 31.Rxd2 Rxd2 32.Bxg3 Rxb2 33.f5 exf5 34.h4 Kf8 
35.hxg5 hxg5 36.e6 Ke7 37.Bxc7 Kxe6 38.Bd8 g4 39.Bh4 Rxa2 40.Bg3 Rb2 41.
Be1 Rb1 42.e4 Rxe1+ 43.Kxe1 f4 44.Kf2 Ke5 45.Kg2 Kxe4 46.Kf2 g3+ 47.Ke1 
0-1

[Event "49th Bosna it"]
[Site "Sarajevo BIH"]
[Date "2019.04.28"]
[Round "3.44"]
[White "Hadziabdic, Nadja"]
[Black "Smajic, Ervin"]
[Result "0-1"]
[WhiteElo "1102"]
[BlackElo "1556"]
[EventDate "2019.04.27"]
[PlyCount "148"]

1.e4 d5 2.exd5 Qxd5 3.Nc3 Qa5 4.Nf3 c6 5.d4 Bg4 6.Be2 e6 7.O-O Be7 8.Ne5 
Bxe2 9.Qxe2 Nf6 10.f4 Qd8 11.Rf3 Qxd4+ 12.Be3 Qb4 13.Rb1 Bc5 14.a3 Bxe3+ 
15.Qxe3 Qb6 16.Qxb6 axb6 17.Rd1 O-O 18.Rfd3 Nd5 19.Nxd5 exd5 20.c4 f6 21.
Nf3 dxc4 22.Rd8 Na6 23.Rxa8 Rxa8 24.Rd7 Nc5 25.Rd4 b5 26.g4 Re8 27.g5 fxg5
28.Nxg5 h6 29.Nf3 Re2 30.Rd8+ Kh7 31.Ne5 Re4 32.Nf7 Rxf4 33.Rh8+ Kg6 34.
Ne5+ Kf6 35.Re8 Kg5 36.Re7 Kf6 37.Re8 Ne6 38.Nd7+ Kf7 39.Rb8 Ke7 40.Rxb7 
Kd6 41.Nb6 Rg4+ 42.Kf2 Nc5 43.Nc8+ Ke5 44.Re7+ Kd4 45.Kf3 Rg6 46.Na7 Na4 
47.Re4+ Kd3 48.Re3+ Kc2 49.Re2+ Kb3 50.Rg2 Rxg2 51.Kxg2 c5 52.Nxb5 Kxb2 
53.Nd6 c3 54.Nc4+ Kb3 55.Na5+ Kxa3 56.Nc4+ Kb3 57.Na5+ Kb2 58.Nc4+ Kb1 59.
Na3+ Kc1 60.Nc4 c2 61.Na3 Kd1 62.Nxc2 Kxc2 63.Kf2 Kd2 64.Kf3 c4 65.Ke4 c3 
66.Kd4 c2 67.Ke4 c1=Q 68.Ke5 Qc6 69.Kf5 Ke3 70.Ke5 Nb6 71.Kf5 Qf6+ 72.Kg4 
Nd5 73.Kg3 Qg5+ 74.Kh3 Nf4# 0-1

[Event "49th Bosna it"]
[Site "Sarajevo BIH"]
[Date "2019.04.28"]
[Round "3.45"]
[White "Zaloznik, Vesna"]
[Black "Tutic, Amina"]
[Result "1-0"]
[WhiteElo "1556"]
[BlackElo "1429"]
[EventDate "2019.04.27"]
[PlyCount "43"]

1.e4 c5 2.Nc3 Nc6 3.f4 e6 4.Nf3 g6 5.Bb5 Qc7 6.d3 a6 7.Bxc6 Qxc6 8.O-O Nf6
9.Qe1 Bg7 10.f5 O-O 11.e5 Nd5 12.f6 Bh8 13.Bh6 Rd8 14.Ne4 d6 15.Nxd6 Rxd6 
16.exd6 Bxf6 17.c4 Nb4 18.Ne5 Qxd6 19.Rxf6 Qd4+ 20.Kh1 Nc2 21.Rxf7 Nxe1 
22.Rf8# 1-0

[Event "49th Bosna it"]
[Site "Sarajevo BIH"]
[Date "2019.04.29"]
[Round "4.1"]
[White "Subelj, Jan"]
[Black "Kadric, Denis"]
[Result "0-1"]
[WhiteElo "2407"]
[BlackElo "2542"]
[EventDate "2019.04.27"]
[PlyCount "66"]

1.e4 c6 2.d4 d5 3.Nd2 dxe4 4.Nxe4 Nf6 5.Nxf6+ exf6 6.Nf3 Bd6 7.Be2 O-O 8.
O-O Qc7 9.c4 c5 10.d5 Nd7 11.h3 Ne5 12.Qc2 Bd7 13.Be3 Rae8 14.Rae1 Qc8 15.
Nxe5 Rxe5 16.Bd3 Rfe8 17.Qd1 Bxh3 18.Bf4 Bxg2 19.Kxg2 Rxe1 20.Rxe1 Bxf4 
21.Bf5 Qb8 22.b4 g6 23.Bg4 b6 24.bxc5 bxc5 25.Rxe8+ Qxe8 26.Qb1 Qe7 27.a4 
a5 28.Qb5 Bc7 29.Bf3 Kg7 30.Kf1 h5 31.Bg2 f5 32.Bf3 h4 33.Bg2 g5 0-1

[Event "49th Bosna it"]
[Site "Sarajevo BIH"]
[Date "2019.04.29"]
[Round "4.2"]
[White "Sadikhov, Ulvi"]
[Black "Savanovic, Aleksandar"]
[Result "1-0"]
[WhiteElo "2479"]
[BlackElo "2423"]
[EventDate "2019.04.27"]
[PlyCount "55"]

1.Nf3 d5 2.g3 Nf6 3.Bg2 c5 4.O-O Nc6 5.d3 e6 6.Nbd2 Be7 7.e4 O-O 8.Re1 b5 
9.exd5 exd5 10.a4 b4 11.Nb3 Be6 12.d4 c4 13.Nc5 Bxc5 14.dxc5 Ne4 15.Be3 
Qf6 16.Nd4 Rac8 17.Nxe6 fxe6 18.f3 d4 19.Bf4 e5 20.Qe2 exf4 21.Qxc4+ Kh8 
22.Rxe4 fxg3 23.Rae1 gxh2+ 24.Kh1 Qf5 25.f4 Na5 26.Qxb4 Qxc5 27.Qxc5 Rxc5 
28.b4 1-0

[Event "49th Bosna it"]
[Site "Sarajevo BIH"]
[Date "2019.04.29"]
[Round "4.3"]
[White "Brkic, Ante"]
[Black "Jakovljevic, Vlado"]
[Result "1-0"]
[WhiteElo "2560"]
[BlackElo "2356"]
[EventDate "2019.04.27"]
[PlyCount "67"]

1.e4 e5 2.Nf3 Nf6 3.Nxe5 d6 4.Nf3 Nxe4 5.Bd3 Nf6 6.O-O Be7 7.c3 Bg4 8.Bc2 
O-O 9.d4 Bh5 10.Re1 Re8 11.Nbd2 Bf8 12.h3 Rxe1+ 13.Qxe1 Nbd7 14.Nh4 Qe8 
15.Qxe8 Rxe8 16.g4 Bg6 17.Nxg6 hxg6 18.Nc4 Re1+ 19.Kg2 b6 20.Ne3 c6 21.Bd1
Nd5 22.Bd2 Nxe3+ 23.fxe3 Rxd1 24.Rxd1 d5 25.b3 b5 26.a4 bxa4 27.bxa4 Nb6 
28.a5 Nc4 29.a6 Nd6 30.Be1 Nb5 31.Bg3 Bd6 32.Bxd6 Nxd6 33.Rb1 Nb5 34.Rb4 
1-0

[Event "49th Bosna it"]
[Site "Sarajevo BIH"]
[Date "2019.04.29"]
[Round "4.4"]
[White "Buljubasic, Sabahudin"]
[Black "Predojevic, Borki"]
[Result "0-1"]
[WhiteElo "2347"]
[BlackElo "2621"]
[EventDate "2019.04.27"]
[PlyCount "64"]

1.e4 c5 2.Nf3 d6 3.d4 cxd4 4.Nxd4 Nf6 5.Nc3 a6 6.h3 e5 7.Nde2 h5 8.Be3 Be6
9.f4 Nbd7 10.Qd2 Rc8 11.g3 b5 12.a3 Be7 13.Bg2 Nc5 14.Bf3 g6 15.O-O-O Qa5 
16.Kb1 b4 17.axb4 Qxb4 18.Nd5 Qc4 19.Bxc5 Qxc5 20.Nec3 Bxd5 21.exd5 O-O 
22.fxe5 dxe5 23.d6 Rfd8 24.Qg5 Rxd6 25.Rxd6 Qxd6 26.Rd1 Qe6 27.Qe3 Bc5 28.
Qe2 Bd4 29.Na4 Rc4 30.b3 Rxa4 31.bxa4 Qb6+ 32.Kc1 Qb2+ 0-1

[Event "49th Bosna it"]
[Site "Sarajevo BIH"]
[Date "2019.04.29"]
[Round "4.5"]
[White "Nestorovic, Nikola"]
[Black "Bilic, Vladimir"]
[Result "1/2-1/2"]
[WhiteElo "2473"]
[BlackElo "2343"]
[EventDate "2019.04.27"]
[PlyCount "63"]

1.e4 e6 2.d4 d5 3.Nc3 Bb4 4.e5 c5 5.a3 Bxc3+ 6.bxc3 Qc7 7.Qg4 f6 8.Nf3 f5 
9.Qg3 cxd4 10.cxd4 Qc3+ 11.Kd1 Ne7 12.Rb1 O-O 13.Bh6 Rf7 14.Bd3 Nbc6 15.
Ng5 Ng6 16.Nxf7 Kxf7 17.Bd2 Qxd4 18.f4 Qc5 19.a4 b6 20.h4 Bd7 21.Qe3 d4 
22.Qf3 Rc8 23.h5 Nge7 24.Ke2 Nd5 25.Rb5 Nc3+ 26.Bxc3 Qxc3 27.Rhb1 Ne7 28.
R1b3 Qa1 29.Rb1 Qc3 30.R1b3 Qa1 31.Rb1 Qc3 32.R1b3 1/2-1/2

[Event "49th Bosna it"]
[Site "Sarajevo BIH"]
[Date "2019.04.29"]
[Round "4.6"]
[White "Soysal, Serkan"]
[Black "Vajic, Goran"]
[Result "1/2-1/2"]
[WhiteElo "2424"]
[BlackElo "2280"]
[EventDate "2019.04.27"]
[PlyCount "123"]

1.d4 e6 2.Nf3 f5 3.Bf4 Nf6 4.e3 b6 5.Nbd2 Bb7 6.Bd3 Be7 7.h3 O-O 8.c3 Be4 
9.Be2 c5 10.O-O Bb7 11.Bh2 Ne4 12.Ne5 d6 13.Nd3 Bg5 14.Nf4 Nxd2 15.Qxd2 
Qe7 16.Rad1 cxd4 17.exd4 Nd7 18.Bc4 Kh8 19.Rfe1 Rf6 20.Qe3 Nf8 21.Qg3 Bxf4
22.Qxf4 Rd8 23.Re2 Ng6 24.Qg5 h6 25.Qh5 Qf7 26.Ree1 Bd5 27.Bxd5 exd5 28.g3
f4 29.g4 Nf8 30.Qxf7 Rxf7 31.Re2 g5 32.f3 Kg7 33.Kf1 Kf6 34.Bg1 Re7 35.
Rxe7 Kxe7 36.Ke2 Ng6 37.Bf2 Rh8 38.h4 Kf6 39.Rh1 h5 40.hxg5+ Kxg5 41.gxh5 
Rxh5 42.Rg1+ Kf5 43.a4 Rh2 44.b3 Ne7 45.b4 a6 46.b5 a5 47.Rg7 Kf6 48.Rg4 
Ng6 49.Rg1 Rh7 50.Rc1 Rc7 51.Kd3 Rc4 52.Ra1 Rc8 53.Rh1 Rc4 54.Ra1 Rc8 55.
Rh1 Rc4 56.Bh4+ Nxh4 57.Rxh4 Kg5 58.Rh7 Rxa4 59.Rb7 Ra2 60.Rxb6 Rb2 61.
Rxd6 Rxb5 62.Ra6 1/2-1/2

[Event "49th Bosna it"]
[Site "Sarajevo BIH"]
[Date "2019.04.29"]
[Round "4.7"]
[White "Pastar, Slaven"]
[Black "Dizdarevic, Emir"]
[Result "0-1"]
[WhiteElo "2295"]
[BlackElo "2423"]
[EventDate "2019.04.27"]
[PlyCount "72"]

1.d4 e6 2.c4 Bb4+ 3.Nd2 Nf6 4.a3 Be7 5.b4 a5 6.b5 c5 7.Ngf3 cxd4 8.Nxd4 d6
9.e4 Nbd7 10.Bd3 O-O 11.O-O d5 12.cxd5 exd5 13.exd5 Nc5 14.Bc4 Nxd5 15.Bb2
Nb6 16.Rc1 Nca4 17.Ba1 Bxa3 18.Rc2 Bb4 19.Bd3 Nd5 20.Qh5 Nf6 21.Qh4 Nc5 
22.Nf5 Nxd3 23.Rxc8 Rxc8 24.Nxg7 Bc3 25.Nf5 Kh8 26.Qh6 Rg8 27.Nf3 Rg6 28.
Bxc3 Rxh6 29.Nxh6 Kg7 30.Nf5+ Kf8 31.Bd2 h5 32.h4 Rc5 33.N3d4 Qd7 34.Bh6+ 
Kg8 35.Rd1 Rxf5 36.Rxd3 Ng4 0-1

[Event "49th Bosna it"]
[Site "Sarajevo BIH"]
[Date "2019.04.29"]
[Round "4.8"]
[White "Maksimovic, Bojan"]
[Black "Ozen, Deniz"]
[Result "1/2-1/2"]
[WhiteElo "2288"]
[BlackElo "2403"]
[EventDate "2019.04.27"]
[PlyCount "54"]

1.e4 e6 2.d4 d5 3.Nc3 Nf6 4.e5 Nfd7 5.f4 c5 6.Nf3 Be7 7.Be3 O-O 8.Qd2 a6 
9.dxc5 Nxc5 10.O-O-O Nbd7 11.Kb1 b5 12.Bd3 Bb7 13.h4 Nxd3 14.Qxd3 b4 15.
Ng5 g6 16.Ne2 Rc8 17.Nd4 Nc5 18.Qe2 Qc7 19.g4 a5 20.Qh2 Ba6 21.f5 b3 22.f6
bxc2+ 23.Qxc2 Bxf6 24.exf6 Qe5 25.Qd2 Qxf6 26.Qf2 Qxf2 27.Bxf2 e5 1/2-1/2

[Event "49th Bosna it"]
[Site "Sarajevo BIH"]
[Date "2019.04.29"]
[Round "4.9"]
[White "Kozul, Zdenko"]
[Black "Mrndjic, Muamer"]
[Result "1-0"]
[WhiteElo "2589"]
[BlackElo "2239"]
[EventDate "2019.04.27"]
[PlyCount "81"]

1.d4 Nf6 2.Nf3 g6 3.c4 Bg7 4.Nc3 O-O 5.e4 d6 6.Be2 e5 7.O-O Nc6 8.d5 Ne7 
9.Ne1 Nd7 10.Be3 f5 11.f3 Nf6 12.c5 f4 13.Bf2 g5 14.Rc1 Ne8 15.cxd6 cxd6 
16.Nb5 Bd7 17.a4 a6 18.Na3 Rc8 19.Rxc8 Bxc8 20.Nc4 Ng6 21.Qb3 h5 22.h3 Rf7
23.Nb6 Nf6 24.Nd3 g4 25.Rc1 Bd7 26.Nxd7 Rxd7 27.Bb6 Qe8 28.fxg4 Nxe4 29.
gxh5 f3 30.Bxf3 Nd2 31.Qd1 Nxf3+ 32.Qxf3 e4 33.Qe2 Re7 34.hxg6 exd3 35.
Qxd3 Bxb2 36.Rc2 Re1+ 37.Kh2 Be5+ 38.g3 Re4 39.Bf2 Qxg6 40.Rc4 Rg4 41.Rxg4
1-0

[Event "49th Bosna it"]
[Site "Sarajevo BIH"]
[Date "2019.04.29"]
[Round "4.10"]
[White "Trumic, Enes"]
[Black "Djukic, Nikola"]
[Result "0-1"]
[WhiteElo "2241"]
[BlackElo "2566"]
[EventDate "2019.04.27"]
[PlyCount "63"]

1.d4 g6 2.Nf3 Bg7 3.g3 d6 4.Bg2 Nd7 5.O-O e5 6.e4 Ne7 7.dxe5 dxe5 8.Be3 
O-O 9.Qc1 c6 10.Bh6 Qc7 11.Bxg7 Kxg7 12.Na3 b5 13.Qd2 a5 14.Rad1 Nb6 15.c4
b4 16.c5 Na4 17.Nc4 Ba6 18.Qc2 Bxc4 19.Qxa4 Bxf1 20.Bxf1 Rad8 21.Rd6 Rxd6 
22.cxd6 Qxd6 23.Qxa5 c5 24.a4 bxa3 25.bxa3 Rb8 26.Qc3 Nc6 27.Kg2 Nd4 28.
Nd2 Qc6 29.Bc4 Qa4 30.Bd5 Rb5 31.Qe3 Qd1 32.Qc3 0-1

[Event "49th Bosna it"]
[Site "Sarajevo BIH"]
[Date "2019.04.29"]
[Round "4.11"]
[White "Kjartansson, Gudmundur"]
[Black "Aleksic, Neven"]
[Result "1-0"]
[WhiteElo "2444"]
[BlackElo "2184"]
[EventDate "2019.04.27"]
[PlyCount "45"]

1.c4 Nf6 2.Nc3 e6 3.Nf3 Bb4 4.Qc2 Bxc3 5.Qxc3 O-O 6.d4 Ne4 7.Qc2 f5 8.g3 
d6 9.Bg2 Nd7 10.O-O Rb8 11.b4 Qe7 12.Bb2 Ndf6 13.a4 Bd7 14.Ne1 b6 15.Nd3 
a6 16.b5 c6 17.bxa6 Ra8 18.a5 Rxa6 19.axb6 Rxb6 20.f3 Ng5 21.c5 dxc5 22.
Ba3 Rb5 23.Bxc5 1-0

[Event "49th Bosna it"]
[Site "Sarajevo BIH"]
[Date "2019.04.29"]
[Round "4.12"]
[White "Muratovic, Efim"]
[Black "Sitnic, Adnan"]
[Result "0-1"]
[WhiteElo "2400"]
[BlackElo "2174"]
[EventDate "2019.04.27"]
[PlyCount "78"]

1.c4 e5 2.Nc3 f5 3.Nf3 d6 4.d3 Nf6 5.g3 Be7 6.Bg2 O-O 7.O-O Na6 8.Rb1 c6 
9.b4 Nc7 10.c5 dxc5 11.bxc5 Bxc5 12.Qb3+ Be6 13.Qxb7 Qd6 14.d4 exd4 15.Bf4
Qe7 16.Na4 Ncd5 17.Be5 Nc3 18.Nxc3 dxc3 19.Qa6 c2 20.Rb2 Bxf2+ 21.Kh1 Ng4 
22.Rxc2 Bd5 23.Bf4 Be3 24.Nh4 g5 25.Rxc6 Bxg2+ 26.Nxg2 gxf4 27.Nxf4 Qe4+ 
28.Ng2 Nf2+ 29.Kg1 Ng4+ 30.Kh1 Bb6 31.Qb5 Ne3 32.Rf3 Ng4 33.h3 Ne5 34.Re6 
Qc4 35.Qxc4 Nxc4 36.Nh4 Rae8 37.Rxe8 Rxe8 38.Nxf5 Rxe2 39.h4 Rxa2 0-1